Taking sides : (Record no. 14720)

000 -LEADER
fixed length control field 01444nam a2200241 a 4500
001 - CONTROL NUMBER
control field ASIN0073527165
005 - DATE AND TIME OF LATEST TRANSACTION
control field 20170105102903.0
008 - FIXED-LENGTH DATA ELEMENTS--GENERAL INFORMATION
fixed length control field 131021s2005 xxu eng d
020 ## - INTERNATIONAL STANDARD BOOK NUMBER
International Standard Book Number 0073527165 (paperback)
020 ## - INTERNATIONAL STANDARD BOOK NUMBER
International Standard Book Number 9780073527161 (paperback)
040 ## - CATALOGING SOURCE
Original cataloging agency 0
082 ## - DEWEY DECIMAL CLASSIFICATION NUMBER
Edition number 909.82
100 1# - MAIN ENTRY--PERSONAL NAME
Personal name Rourke, John T.
245 10 - TITLE STATEMENT
Title Taking sides :
Remainder of title clashing views on controversial issues in world politics /
Statement of responsibility, etc. John T. Rourke.
250 ## - EDITION STATEMENT
Edition statement 12th ed.
260 ## - PUBLICATION, DISTRIBUTION, ETC.
Place of publication, distribution, etc. [S.l.] :
Name of publisher, distributor, etc. McGraw-Hill/Dushkin,
Date of publication, distribution, etc. 2005.
300 ## - PHYSICAL DESCRIPTION
Extent 368 p. ;
Dimensions 23 cm.
490 1# - SERIES STATEMENT
Series statement Taking sides: world politics.
520 ## - SUMMARY, ETC.
Summary, etc. This twelfth edition of TAKING SIDES: WORLD POLITICS presents current controversial issues in a debate-style format designed to stimulate student interest and develop critical thinking skills. Each issue is thoughtfully framed with an issue summary, an issue introduction, and a postscript. An instructor’s manual with testing material is available for each volume. USING TAKING SIDES IN THE CLASSROOM is also an excellent instructor resource with practical suggestions on incorporating this effective approach in the classroom. Each TAKING SIDES reader features an annotated listing of selected World Wide Web sites and is supported by our student website, www.dushkin.com/online.
830 #0 - SERIES ADDED ENTRY--UNIFORM TITLE
Uniform title Taking sides: world politics.
856 40 - ELECTRONIC LOCATION AND ACCESS
Materials specified Amazon.com
Uniform Resource Identifier <a href="http://www.amazon.com/exec/obidos/ASIN/0073527165/chopaconline-20">http://www.amazon.com/exec/obidos/ASIN/0073527165/chopaconline-20</a>
942 ## - ADDED ENTRY ELEMENTS (KOHA)
Source of classification or shelving scheme
Koha item type Book
Holdings
Withdrawn status Lost status Damaged status Not for loan Collection code Permanent Location Current Location Shelving location Date acquired Total Checkouts Full call number Barcode Date last seen Price effective from Koha item type
          Centre for International Peace & Stability (CIPS) Centre for International Peace & Stability (CIPS) General Stacks 09/12/2013   909.82 ROU 2006 CIPS0000864 10/21/2013 10/21/2013 Book
© 2023 Central Library, National University of Sciences and Technology. All Rights Reserved.